| 000 | 00369nam a2200145Ia 4500 | ||
|---|---|---|---|
| 008 | 100415s9999 xx 000 0 und d | ||
| 082 |
_b21418 _a598.2(5483) |
||
| 100 | _aALI, SALIM | ||
| 245 | _aBirds of Kerala | ||
| 260 |
_aTHIRUVANANTHAPURAM _c1999 _bKERALA FOREST DEPT. |
||
| 365 | _b0 | ||
| 630 | _aBirds of Kerala | ||
| 730 | _aBirds of Kerala | ||
| 942 | _cBOOK | ||
| 999 |
_c604300 _d604297 |
||